[Event "Cap d'Agde Avenir op"]
[Site "Cap d'Agde"]
[Date "2003.10.28"]
[Round "6"]
[White "Cara, Jean Marc"]
[Black "Chamlian, Daniel"]
[Result "0-1"]
[WhiteElo "1940"]
[BlackElo "1940"]
[PlyCount "54"]
[EventDate "2003.10.24"]
[EventType "swiss"]
[EventRounds "9"]
[EventCountry "FRA"]
[SourceTitle "EXT 2005"]
[Source "ChessBase"]
[SourceDate "2004.11.15"]
[SourceVersion "1"]
[SourceVersionDate "2004.11.15"]
[SourceQuality "1"]

1. e4 c5 2. f4 Nc6 3. Nf3 d6 4. Nc3 a6 5. Be2 Nd4 6. 0-0 Nxe2+ 7. Qxe2 g6 8. Kh1 Bg7 9. b3 Nf6 10. Bb2 Be6 11. Rae1 0-0 12. d4 cxd4 13. Nxd4 Bg4 14. Qe3 e5 15. fxe5 dxe5 16. Nf3 Bxf3 17. Qxf3 Qa5 18. a4 Rad8 19. Rd1 Rxd1 20. Rxd1 Rd8 21. Rxd8+ Qxd8 22. Nd5 Nxd5 23. Qd3 Qa5 24. h3 Nf4 25. Qe3 Qd8 26. g3 Qd1+ 27. Kh2 Qxc2+ 0-1